Normal view
MARC view
Entry Personal Name
001 - CONTROL NUMBER
- control field: 744415
003 - CONTROL NUMBER IDENTIFIER
- control field: OSt
005 - DATE AND TIME OF LATEST TRANSACTION
- control field: 20250317125617.0
008 - FIXED-LENGTH DATA ELEMENTS
- fixed length control field: 250317|| aca||aabn | a|a d
040 ## - CATALOGING SOURCE
- Original cataloging agency: OSt
- Transcribing agency: OSt
100 ## - HEADING--PERSONAL NAME
- Personal name: B I S
670 ## - SOURCE DATA FOUND
- Source citation: Work cat.: (OSt)1260191: B I S, Hand book 1992:Breau of Indian stunderd., 1992
